| 000 | 00908nam a22001937a 4500 | ||
|---|---|---|---|
| 008 | 160910s1992 be||||| |||| 00| 0 eng d | ||
| 082 | 0 | 4 |
_a708 _bM212m |
| 100 | 1 |
_aMagritte, René. _95493 |
|
| 245 | 1 | 0 |
_aMagritte / _cRené Magritte. |
| 250 | _a1a ed. | ||
| 260 |
_aBélgica : _bSouth Bank Centre, _c1992. |
||
| 300 | _a320 p. | ||
| 500 | _aCatálogo publicado con motivo a la exhibición "Magritte", presentada en: -The Hayward Gallery en Londres, del 21 de mayo al 2 de agosto de 1992. -The Metropolitan Museum of Art en Nueva York, del 9 de setiembre al 22 de noviembre de 1992. -The Menil Collection en Houston, del 15 de diciembre de 1992al 21 de febrero de 1993. -The Art Institute of Chicago, del 16 de marzo al 30 de mayo de 1993. | ||
| 653 | 1 | 0 | _aArte contemporáneo |
| 653 | 1 | 0 | _aCatálogo de exhibición |
| 653 | 1 | 0 | _aExhibiciones |
| 653 | 1 | 0 | _aArte surrealista |
| 653 | 1 | 0 | _aPintura surrealista |
| 999 |
_c1042 _d1042 |
||